000 00380 a2200157 4500
001 184313
020 _a85-88266-03-2
040 _cMagnum
100 _aBrandão, Heliana
240 1 0 _aFantástica fábrica de brinquedos com sucata
_lpor
245 1 0 _aFantástica fábrica de brinquedos com sucata
300 _a175
362 0 _a2004
697 _aMISCELÂNEA
942 _cBK
999 _c184313
_d184313